000 00824nam a2200265 i 4500
003 DO-SdBNP
005 20240704112747.0
007 ta
008 240704s2024 dr 000 0 spa d
020 _a9789945648256
040 _aDO-SdBNP
_bspa
_cBNPHU
_erda
082 _bM647
_222
100 1 _aMiller, Jeannette,
_d1944-
_983484
_eautora
245 1 3 _aMi amigo el manatí /
_cJeannette Miller
246 1 3 _aMi amigo el manatí :
_bseis cuentos inéditos /
264 1 _aSanto Domingo :
_bSantuario,
_c2024.
300 _a48 páginas,
_c22 cm.
336 _2rdacontent
_atexto
_btxt
337 _2rdamedia
_asin mediación
_bn
338 _2rdacarrier
_avolumen
_bnc
500 _aIncluye datos biográficos de la autora en las solapas.
590 _aInventariado, 2024/ YL
910 _aYLockward
942 _2ddc
_cLF2
999 _c57162
_d57162